[Event "Charleroi op"]
[Site "Charleroi"]
[Date "2015.08.02"]
[Round "2"]
[White "Procacci, Sergio"]
[Black "Godart, Francois"]
[Result "0-1"]
[WhiteElo "2043"]
[BlackElo "2422"]
[PlyCount "80"]
[EventDate "2015.08.01"]
[EventType "swiss"]
[EventRounds "9"]
[EventCountry "BEL"]
[SourceTitle "CBM 167 Extra"]
[Source "ChessBase"]
[SourceDate "2015.09.14"]
[SourceVersion "1"]
[SourceVersionDate "2015.09.14"]
[SourceQuality "1"]

1. e4 e6 2. d4 d5 3. e5 c5 4. c3 Nc6 5. Nf3 Bd7 6. Bd3 cxd4 7. cxd4 Qb6 8. 0-0 Nxd4 9. Nxd4 Qxd4 10. Nc3 a6 11. Qe2 Ne7 12. Kh1 Nc6 13. f4 Nb4 14. Rd1 Bc5 15. Bb5 Qf2 16. Bxd7+ Kxd7 17. Qxf2 Bxf2 18. Ne4 Bh4 19. Nc5+ Kc6 20. Nb3 Nc2 21. Rb1 Rhc8 22. g3 Bd8 23. Rd3 Kd7 24. Bd2 Rc4 25. a3 Bb6 26. f5 Rac8 27. fxe6+ Kxe6 28. Rd1 Re4 29. Kg2 Ne3+ 30. Bxe3 Rxe3 31. Rxe3 Bxe3 32. Kf3 Bb6 33. Rd2 Kxe5 34. Na1 Rc6 35. Nc2 Rf6+ 36. Kg2 Ke4 37. Nb4 Rd6 38. Re2+ Be3 39. Re1 d4 40. Rd1 d3 0-1

[Event "Montreal Pere Noel op"]
[Site "Montreal"]
[Date "2013.12.26"]
[Round "1"]
[White "Hebert, Jean"]
[Black "Procacci, Sergio"]
[Result "1-0"]
[WhiteElo "2424"]
[BlackElo "2019"]
[PlyCount "57"]
[EventDate "2013.12.26"]
[EventType "swiss"]
[EventRounds "5"]
[EventCountry "CAN"]
[SourceTitle "CBM 158 Extra"]
[Source "ChessBase"]
[SourceDate "2014.02.28"]
[SourceVersion "1"]
[SourceVersionDate "2014.02.28"]
[SourceQuality "1"]

1. Nf3 b6 2. e4 Bb7 3. d3 d5 4. Nbd2 e6 5. c3 c5 6. a3 Nf6 7. e5 Nfd7 8. d4 Be7 9. b4 0-0 10. Bd3 f6 11. exf6 Bxf6 12. 0-0 e5 13. dxe5 Nxe5 14. Nxe5 Bxe5 15. Qh5 Bxh2+ 16. Qxh2 h6 17. bxc5 bxc5 18. Rb1 Bc6 19. Nf3 Nd7 20. Ne5 Nxe5 21. Qxe5 Qd7 22. Be3 Rae8 23. Qg3 c4 24. Bc2 d4 25. Bxd4 Re2 26. Bd1 Ree8 27. Bh5 Rc8 28. Bg4 Qf7 29. Be6 1-0

[Event "La Meridiana op 2nd"]
[Site "Perugia"]
[Date "2012.11.10"]
[Round "2"]
[White "Procacci, Sergio"]
[Black "Romano, Claudio"]
[Result "1-0"]
[WhiteElo "2015"]
[BlackElo "1781"]
[PlyCount "47"]
[EventDate "2012.11.09"]
[EventType "swiss"]
[EventRounds "5"]
[EventCountry "ITA"]
[SourceTitle "EXT 2014"]
[Source "ChessBase"]
[SourceDate "2013.11.20"]
[SourceVersion "1"]
[SourceVersionDate "2013.11.20"]
[SourceQuality "1"]

1. Nf3 Nf6 2. g3 g6 3. Bg2 Bg7 4. c4 d6 5. Nc3 0-0 6. 0-0 c6 7. d4 b6 8. b3 d5 9. cxd5 cxd5 10. Ne5 e6 11. Ba3 Re8 12. Nb5 Bf8 13. Qc1 Bxa3 14. Qxa3 a6 15. Nd6 Qe7 16. Rac1 Rd8 17. Nexf7 Rf8 18. Nh6+ Kh8 19. Rxc8 Ng8 20. Rfc1 Nd7 21. Nhf7+ Kg7 22. Rxa8 Rxa8 23. Rc7 Rf8 24. Ne5 1-0

[Event "Udine Oro Caffe op 3rd"]
[Site "Udine"]
[Date "2010.07.10"]
[Round "6"]
[White "De Poi, Paolo"]
[Black "Procacci, Sergio"]
[Result "1-0"]
[WhiteElo "2198"]
[BlackElo "2043"]
[PlyCount "41"]
[EventDate "2010.07.05"]
[EventType "swiss"]
[EventRounds "7"]
[EventCountry "ITA"]
[SourceTitle "EXT 2024"]
[Source "ChessBase"]
[SourceDate "2023.10.10"]
[SourceVersion "1"]
[SourceVersionDate "2023.10.10"]
[SourceQuality "1"]

1. e4 d6 2. d4 Nf6 3. Nc3 g6 4. f3 c6 5. Be3 Qa5 6. Qd2 Nbd7 7. Nh3 a6 8. Nf2 b5 9. a3 Qc7 10. Be2 Nb6 11. 0-0 Be6 12. Bh6 Bc4 13. Bd3 c5 14. d5 Bxh6 15. Qxh6 0-0-0 16. Qd2 Kb7 17. b3 Bxd3 18. Nxd3 g5 19. b4 c4 20. f4 Ra8 21. Rfc1 1-0

[Event "Perugia op 1st"]
[Site "Perugia"]
[Date "2009.09.26"]
[Round "5"]
[White "Gloor, Claudio"]
[Black "Procacci, Sergio"]
[Result "1-0"]
[WhiteElo "2090"]
[BlackElo "2073"]
[PlyCount "75"]
[EventDate "2009.09.25"]
[EventType "swiss"]
[EventRounds "5"]
[EventCountry "ITA"]
[SourceTitle "CBM 132 Extra"]
[Source "ChessBase"]
[SourceDate "2009.11.03"]
[SourceVersion "1"]
[SourceVersionDate "2009.11.03"]
[SourceQuality "1"]

1. d4 Nf6 2. c4 g6 3. Nc3 Bg7 4. Nf3 d6 5. e3 0-0 6. Be2 b6 7. 0-0 Bb7 8. Qc2 Nbd7 9. b4 a5 10. b5 Re8 11. Bb2 e6 12. Rfd1 h6 13. Rac1 Rc8 14. a4 Nh7 15. Ne4 f5 16. Ng3 Qf6 17. e4 fxe4 18. Nxe4 Bxe4 19. Qxe4 Ng5 20. Nxg5 Qxg5 21. Bg4 Kh7 22. Bf3 e5 23. Qg4 Qe7 24. Be4 Qe6 25. Bxg6+ Qxg6 26. Qxd7 Red8 27. Qh3 exd4 28. Bxd4 Rg8 29. Qd3 Bxd4 30. Qxg6+ Rxg6 31. Rxd4 Re8 32. Kf1 Rge6 33. Rdd1 Re4 34. f3 Rh4 35. h3 Re5 36. Kf2 Rc5 37. g4 Kg6 38. Kg3 1-0

[Event "Campobasso op 16th"]
[Site "Campobasso"]
[Date "2009.07.24"]
[Round "2"]
[White "Procacci, Sergio"]
[Black "Vuelban, Virgilio"]
[Result "0-1"]
[WhiteElo "2073"]
[BlackElo "2404"]
[PlyCount "60"]
[EventDate "2009.07.24"]
[EventType "swiss"]
[EventRounds "6"]
[EventCountry "ITA"]
[SourceTitle "EXT 2012"]
[Source "ChessBase"]
[SourceDate "2011.11.24"]
[SourceVersion "1"]
[SourceVersionDate "2011.11.24"]
[SourceQuality "1"]

1. e4 e6 2. d4 d5 3. e5 c5 4. c3 Nc6 5. Nf3 Qb6 6. Bd3 cxd4 7. cxd4 Bd7 8. 0-0 Nxd4 9. Nxd4 Qxd4 10. Nc3 a6 11. Qe2 Ne7 12. Rd1 Qb6 13. Be3 Qc7 14. f4 Nc6 15. Bf2 Be7 16. Rac1 Qd8 17. f5 Bg5 18. fxe6 Bxe6 19. Ra1 Qc7 20. h4 Bf4 21. Qf3 Bxe5 22. Nxd5 Bxd5 23. Qxd5 0-0 24. Rac1 Rad8 25. Qe4 g6 26. h5 Bg3 27. Bc5 Rfe8 28. Qg4 Qf4 29. Rc4 Qxg4 30. Rxg4 Rxd3 0-1

[Event "Campobasso op 16th"]
[Site "Campobasso"]
[Date "2009.07.24"]
[Round "1"]
[White "Tacchi, Fabio"]
[Black "Procacci, Sergio"]
[Result "0-1"]
[WhiteElo "1832"]
[BlackElo "2073"]
[PlyCount "150"]
[EventDate "2009.07.24"]
[EventType "swiss"]
[EventRounds "6"]
[EventCountry "ITA"]
[SourceTitle "EXT 2012"]
[Source "ChessBase"]
[SourceDate "2011.11.24"]
[SourceVersion "1"]
[SourceVersionDate "2011.11.24"]
[SourceQuality "1"]

1. d4 Nf6 2. c4 g6 3. Nc3 d5 4. cxd5 Nxd5 5. e4 Nxc3 6. bxc3 Bg7 7. Bc4 c5 8. Ne2 Nc6 9. Be3 0-0 10. 0-0 Bg4 11. f3 Na5 12. Bxf7+ Rxf7 13. fxg4 Rxf1+ 14. Kxf1 Nc4 15. Qb3 b5 16. Kg1 Kh8 17. Bf2 Qd7 18. h3 Rf8 19. Rd1 Qe6 20. Ng3 Qf6 21. Qc2 Qf4 22. Qe2 cxd4 23. cxd4 Bh6 24. Rd3 Qc1+ 25. Rd1 Qf4 26. Rd3 Qc1+ 27. Nf1 Nd2 28. Rxd2 Bxd2 29. Qxd2 Qxd2 30. Nxd2 Rc8 31. Kf1 Rc2 32. Ke2 Rxa2 33. Kd3 a5 34. d5 Kg8 35. Bd4 Ra3+ 36. Ke2 Rg3 37. Bf2 Rc3 38. Bd4 Rc8 39. Kd3 b4 40. Nc4 a4 41. Nb6 Rb8 42. Nxa4 Ra8 43. Nb2 Ra3+ 44. Ke2 Rg3 45. Kf2 Rb3 46. h4 Kf7 47. e5 Ke8 48. e6 Ra3 49. Bb6 Ra2 50. Bd4 Ra5 51. Ke3 Rxd5 52. Ke4 Rb5 53. Kd3 Rd5 54. Nc4 b3 55. Kc3 b2 56. Nxb2 Rd6 57. Nd3 Rxe6 58. Ne5 Ra6 59. Kd3 Ra2 60. h5 gxh5 61. gxh5 Rxg2 62. h6 e6 63. Ke4 Ke7 64. Kf4 Kd6 65. Ng4 Ra2 66. Be5+ Ke7 67. Nf6 Rf2+ 68. Kg5 Rf5+ 69. Kg4 Rxf6 70. Bf4 Rf5 71. Bd2 Kf6 72. Bc1 Rf1 73. Bb2+ Kg6 74. Bg7 Rf5 75. Kg3 e5 0-1

[Event "Assisi op-A 4th"]
[Site "Assisi"]
[Date "2008.12.22"]
[Round "9"]
[White "Procacci, Sergio"]
[Black "De Filomeno, Simone"]
[Result "0-1"]
[WhiteElo "2052"]
[BlackElo "2147"]
[PlyCount "37"]
[EventDate "2008.12.18"]
[EventType "swiss"]
[EventRounds "9"]
[EventCountry "ITA"]
[SourceTitle "CBM 127 Extra"]
[Source "ChessBase"]
[SourceDate "2009.01.08"]
[SourceVersion "2"]
[SourceVersionDate "2009.01.28"]
[SourceQuality "1"]

1. e4 c5 2. Nc3 Nc6 3. g3 g6 4. Bg2 Bg7 5. f4 d6 6. Nf3 e6 7. d3 Nge7 8. 0-0 0-0 9. Be3 Nd4 10. Rb1 Nec6 11. Ne2 Qa5 12. a3 Qa4 13. Nexd4 Nxd4 14. c3 Qxd1 15. Rfxd1 Nxf3+ 16. Bxf3 b6 17. e5 d5 18. b4 cxb4 19. cxb4 0-1

[Event "Assisi op-A 4th"]
[Site "Assisi"]
[Date "2008.12.21"]
[Round "6"]
[White "Procacci, Sergio"]
[Black "Vuelban, Virgilio"]
[Result "0-1"]
[WhiteElo "2052"]
[BlackElo "2390"]
[PlyCount "60"]
[EventDate "2008.12.18"]
[EventType "swiss"]
[EventRounds "9"]
[EventCountry "ITA"]
[SourceTitle "CBM 127 Extra"]
[Source "ChessBase"]
[SourceDate "2009.01.08"]
[SourceVersion "2"]
[SourceVersionDate "2009.01.28"]
[SourceQuality "1"]

1. e4 c5 2. Nc3 Nc6 3. f4 g6 4. Nf3 Bg7 5. g3 d6 6. Bg2 Nf6 7. d3 0-0 8. 0-0 Rb8 9. h3 b5 10. g4 b4 11. Ne2 Nd7 12. Ng3 Qb6 13. Kh1 Ba6 14. Re1 Qa5 15. Nd2 Nd4 16. Ne2 Nc6 17. Nb3 Qc7 18. Rb1 Nb6 19. Be3 c4 20. Nbd4 Nxd4 21. Bxd4 e5 22. Bxb6 Qxb6 23. f5 cxd3 24. cxd3 Qe3 25. Nc1 Qd4 26. Nb3 Qf2 27. Rf1 Qh4 28. Qf3 Bh6 29. Rbd1 Rbc8 30. Qe2 Bf4 0-1

[Event "Amantea op-A 6th"]
[Site "Amantea"]
[Date "2008.09.07"]
[Round "9"]
[White "Procacci, Sergio"]
[Black "Marholev, Dimitar"]
[Result "0-1"]
[WhiteElo "2006"]
[BlackElo "2366"]
[PlyCount "64"]
[EventDate "2008.08.31"]
[EventType "swiss"]
[EventRounds "9"]
[EventCountry "ITA"]
[SourceTitle "CBM 126 Extra"]
[Source "ChessBase"]
[SourceDate "2008.11.05"]
[SourceVersion "1"]
[SourceVersionDate "2008.11.05"]
[SourceQuality "1"]

1. e4 e5 2. f4 exf4 3. Nf3 Be7 4. Bc4 Nf6 5. d3 d5 6. exd5 Bd6 7. Qe2+ Kf8 8. Nc3 Bg4 9. Bd2 a6 10. Ne4 Nxe4 11. Qxe4 Nd7 12. d4 b5 13. Bb3 Nf6 14. Qe2 Qd7 15. 0-0 Re8 16. Qd3 Bf5 17. Qc3 Ne4 18. Qc6 Qc8 19. Bxf4 Bxf4 20. Ne5 Bxe5 21. dxe5 Rxe5 22. Rxf5 Rxf5 23. Re1 Nd6 24. a4 g6 25. axb5 axb5 26. Ra1 Kg7 27. Ra7 Qe8 28. Qc3+ Qe5 29. Rxc7 Qxc3 30. Rxc3 Re8 31. h3 Re1+ 32. Kh2 Re2 0-1

[Event "Amantea op-A 6th"]
[Site "Amantea"]
[Date "2008.09.03"]
[Round "4"]
[White "Naumkin, Igor"]
[Black "Procacci, Sergio"]
[Result "1-0"]
[WhiteElo "2502"]
[BlackElo "2006"]
[PlyCount "73"]
[EventDate "2008.08.31"]
[EventType "swiss"]
[EventRounds "9"]
[EventCountry "ITA"]
[SourceTitle "CBM 126 Extra"]
[Source "ChessBase"]
[SourceDate "2008.11.05"]
[SourceVersion "1"]
[SourceVersionDate "2008.11.05"]
[SourceQuality "1"]

1. d4 Nf6 2. c4 g6 3. Nc3 d5 4. cxd5 Nxd5 5. e4 Nxc3 6. bxc3 Bg7 7. Bc4 c5 8. Ne2 0-0 9. 0-0 Nc6 10. Be3 Na5 11. Bd3 c4 12. Bc2 Qc7 13. Qd2 Rd8 14. Bh6 Nc6 15. Bxg7 Kxg7 16. f4 Bg4 17. Ng3 Qa5 18. Qe3 b5 19. f5 Qa3 20. Rae1 Nxd4 21. cxd4 Qxe3+ 22. Rxe3 Rxd4 23. h3 Bh5 24. e5 Rad8 25. f6+ exf6 26. Nxh5+ gxh5 27. Rg3+ Kf8 28. exf6 Ke8 29. Bf5 Kf8 30. Bxh7 Ke8 31. Bf5 Kf8 32. Rg5 Rd1 33. Rxh5 Rxf1+ 34. Kxf1 Kg8 35. Bh7+ Kh8 36. Bc2+ Kg8 37. Rxb5 1-0

[Event "Porto Mannu op"]
[Site "Porto Mannu"]
[Date "2008.05.23"]
[Round "8"]
[White "Zoldan, Matteo"]
[Black "Procacci, Sergio"]
[Result "1/2-1/2"]
[WhiteElo "2208"]
[BlackElo "2000"]
[PlyCount "112"]
[EventDate "2008.05.17"]
[EventType "swiss"]
[EventRounds "9"]
[EventCountry "ITA"]
[SourceTitle "CBM 124 Extra"]
[Source "ChessBase"]
[SourceDate "2008.07.03"]
[SourceVersion "1"]
[SourceVersionDate "2008.07.03"]
[SourceQuality "1"]

1. c4 Nf6 2. Nc3 g6 3. e4 d6 4. d4 Bg7 5. f3 e5 6. Nge2 Nc6 7. d5 Ne7 8. Be3 Nd7 9. Qd2 h6 10. 0-0-0 a5 11. Kb1 b6 12. Ng3 Nc5 13. Be2 Ba6 14. Rhf1 h5 15. f4 Qd7 16. fxe5 Bxe5 17. Bd4 f6 18. Bxe5 fxe5 19. Qg5 0-0-0 20. Rf7 Rde8 21. Rdf1 Qd8 22. Qf6 Kb7 23. h4 Rhg8 24. Nh1 Nc8 25. Qxd8 Rxd8 26. b3 Rd7 27. Rxd7 Nxd7 28. Rf7 Nc5 29. Nf2 g5 30. hxg5 Rxg5 31. Bf3 Na7 32. Rf5 Rg8 33. Rxh5 b5 34. cxb5 Nxb5 35. Nxb5 Bxb5 36. Kc2 Be8 37. Rh4 c6 38. Nd3 Nxd3 39. dxc6+ Bxc6 40. Kxd3 Bb5+ 41. Kd2 Kb6 42. a3 Bf1 43. Rh2 Ba6 44. Rh6 Kc5 45. Kc3 Rg3 46. Rh3 Rg7 47. g4 Bc8 48. Rg3 Rg5 49. Be2 d5 50. b4+ axb4+ 51. axb4+ Kd6 52. exd5 Kxd5 53. Bf3+ e4 54. Be2 Ke5 55. Kc2 Kd4 56. Ra3 Rg6 1/2-1/2

[Event "ITA-ch U20"]
[Site "Porto San Giorgio"]
[Date "2004.08.26"]
[Round "7"]
[White "Procacci, Sergio"]
[Black "Lampl, Gerald"]
[Result "1-0"]
[WhiteElo "1756"]
[BlackElo "1841"]
[PlyCount "87"]
[EventDate "2004.08.20"]
[EventType "swiss"]
[EventRounds "9"]
[EventCountry "ITA"]
[SourceTitle "EXT 2005"]
[Source "ChessBase"]
[SourceDate "2004.11.15"]
[SourceVersion "1"]
[SourceVersionDate "2004.11.15"]
[SourceQuality "1"]

1. e4 e5 2. f4 d6 3. Nf3 Nc6 4. Bb5 Bd7 5. 0-0 exf4 6. d4 g5 7. Bxc6 bxc6 8. e5 d5 9. c4 Nh6 10. Nc3 Be6 11. Qa4 Bd7 12. Qa6 g4 13. cxd5 gxf3 14. Rxf3 Qc8 15. Qc4 cxd5 16. Nxd5 c6 17. Nf6+ Kd8 18. Bd2 a5 19. Rc1 Qa6 20. Qa4 Qb5 21. Qc2 Bg7 22. Bxf4 Bxf6 23. Bxh6 Be7 24. d5 Qxd5 25. Rd3 Qe6 26. Rcd1 Ra7 27. Be3 Rb7 28. Bb6+ Rxb6 29. Rxd7+ Qxd7 30. Rxd7+ Kxd7 31. Qc3 Rhb8 32. b3 Rb5 33. Qh3+ Ke8 34. Qxh7 Bc5+ 35. Kf1 Ke7 36. Qh4+ Ke6 37. Qf6+ Kd5 38. Ke2 Bb4 39. Kd3 R5b7 40. Qf5 c5 41. e6+ Kc6 42. exf7 Rf8 43. Qe6+ Kb5 44. a4# 1-0

[Event "ITA-ch U20"]
[Site "Porto San Giorgio"]
[Date "2004.08.23"]
[Round "4"]
[White "Procacci, Sergio"]
[Black "Xia, Jie"]
[Result "0-1"]
[WhiteElo "1756"]
[BlackElo "2126"]
[PlyCount "66"]
[EventDate "2004.08.20"]
[EventType "swiss"]
[EventRounds "9"]
[EventCountry "ITA"]
[SourceTitle "EXT 2005"]
[Source "ChessBase"]
[SourceDate "2004.11.15"]
[SourceVersion "1"]
[SourceVersionDate "2004.11.15"]
[SourceQuality "1"]

1. Nf3 Nf6 2. g3 g6 3. Bg2 Bg7 4. d3 d5 5. 0-0 0-0 6. c3 c5 7. Qc2 Nc6 8. e4 e6 9. b3 b5 10. Bb2 Qb6 11. Nbd2 Bb7 12. Rab1 Rfd8 13. a3 a5 14. Rfe1 dxe4 15. dxe4 Ng4 16. h3 Nge5 17. Nxe5 Nxe5 18. Re3 Bh6 19. Re2 Nd3 20. c4 Nxb2 21. Rxb2 b4 22. a4 Rd7 23. Rb1 Rad8 24. Rd1 Rd4 25. e5 Bxg2 26. Kxg2 Qb7+ 27. Kg1 Qd7 28. f4 Rd3 29. Kg2 g5 30. Rf2 gxf4 31. gxf4 Kh8 32. Kh2 Qd4 33. Nf3 Qxf4+ 0-1

[Event "ITA-ch U20 26th"]
[Site "Bratto"]
[Date "2003.08.27"]
[Round "7"]
[White "Trazzi, Enrico"]
[Black "Procacci, Sergio"]
[Result "1/2-1/2"]
[WhiteElo "1600"]
[BlackElo "1551"]
[PlyCount "81"]
[EventDate "2003.08.21"]
[EventType "swiss"]
[EventRounds "9"]
[EventCountry "ITA"]
[SourceTitle "EXT 2007"]
[Source "ChessBase"]
[SourceDate "2006.11.23"]
[SourceVersion "1"]
[SourceVersionDate "2006.11.23"]
[SourceQuality "1"]

1. d4 d6 2. c4 Nf6 3. Nc3 g6 4. e4 Bg7 5. Nge2 0-0 6. Ng3 e5 7. d5 Nbd7 8. Bg5 a5 9. Qd2 Nc5 10. Be2 Qe8 11. Bxf6 Bxf6 12. 0-0 Bg7 13. Rab1 f5 14. f3 f4 15. Nh1 g5 16. Nf2 Rf6 17. Ng4 Rg6 18. h3 h5 19. Nf2 Bd7 20. Qc2 Qc8 21. b3 Be8 22. Na4 Bxa4 23. bxa4 Qd7 24. Bd1 b6 25. Nd3 Nxd3 26. Qxd3 Bf6 27. Qb3 Kf7 28. Qb5 Qe7 29. Be2 Rag8 30. Rfd1 g4 31. fxg4 Bh4 32. Rb2 hxg4 33. Bxg4 Rxg4 34. hxg4 Rxg4 35. Rd3 Bg3 36. Kf1 Rg7 37. Ke2 Kg8 38. Kd2 Bf2 39. Rf3 Bd4 40. Rc2 Rxg2+ 41. Kd3 1/2-1/2